[Event "DEM U14 2018"]
[Site "Willingen GER"]
[Date "2018.05.26"]
[Round "9"]
[White "Svane, Frederik"]
[Black "Simukov, Erik"]
[Result "1-0"]
[Termination "normal"]
[Board "8"]
[WhiteElo "2264"]
[BlackElo "1750"]
[WhiteClock "00:03:07"]
[BlackClock "00:10:23"]
[PlyCount "93"]
[WhiteFideId "12923044"]
[BlackFideId "12995380"]
[EventCountry "GER"]
[EventRounds "9"]
[EventType "swiss"]
[EventDate "2018.05.19"]

1. e4 {[%clk 1:30:57]} 1... e5 {[%clk 1:30:55]} 2. Nf3 {[%clk 1:31:21]} 2...
Nc6 {[%clk 1:31:20]} 3. Bb5 {[%clk 1:31:39]} 3... a6 {[%clk 1:31:44]} 4. Ba4 {
[%clk 1:32:04]} 4... Nf6 {[%clk 1:32:02]} 5. O-O {[%clk 1:32:28]} 5... Be7 {
[%clk 1:32:20]} 6. d3 {[%clk 1:32:51]} 6... b5 {[%clk 1:31:55]} 7. Bb3 { [%clk
1:33:14]} 7... d6 {[%clk 1:32:16]} 8. a3 {[%clk 1:33:40]} 8... O-O { [%clk
1:32:10]} 9. Nc3 {[%clk 1:34:03]} 9... Bg4 {[%clk 1:32:18]} 10. Be3 { [%clk
1:34:27]} 10... Nd4 {[%clk 1:32:21]} 11. Bxd4 {[%clk 1:34:51]} 11... exd4
{[%clk 1:32:46]} 12. Nd5 {[%clk 1:35:19]} 12... Nxd5 {[%clk 1:33:08]} 13. Bxd5
{[%clk 1:35:44]} 13... Rc8 {[%clk 1:33:22]} 14. h3 {[%clk 1:35:13]} 14... Bd7 {
[%clk 1:33:38]} 15. Qd2 {[%clk 1:20:13]} 15... c6 {[%clk 1:18:06]} 16. Bb3 {
[%clk 1:20:03]} 16... Bf6 {[%clk 1:14:52]} 17. a4 {[%clk 1:19:57]} 17... c5 {
[%clk 1:13:26]} 18. axb5 {[%clk 1:19:48]} 18... axb5 {[%clk 1:13:50]} 19. Bd5 {
[%clk 1:19:53]} 19... Be6 {[%clk 0:34:37]} 20. Bxe6 {[%clk 1:16:53]} 20... fxe6
{[%clk 0:35:02]} 21. Ra6 {[%clk 1:13:27]} 21... Ra8 {[%clk 0:26:16]} 22. Rfa1 {
[%clk 1:13:11]} 22... Rxa6 {[%clk 0:26:04]} 23. Rxa6 {[%clk 1:13:35]} 23... Qc7
{[%clk 0:20:35]} 24. Qa5 {[%clk 1:02:49]} 24... Qxa5 {[%clk 0:20:47]} 25. Rxa5
{[%clk 1:03:15]} 25... b4 {[%clk 0:21:00]} 26. e5 {[%clk 0:40:34]} 26... Be7 {
[%clk 0:19:41]} 27. exd6 {[%clk 0:28:59]} 27... Bxd6 {[%clk 0:20:01]} 28. Ra6 {
[%clk 0:28:15]} 28... Bf4 {[%clk 0:12:19]} 29. Rxe6 {[%clk 0:26:29]} 29... b3 {
[%clk 0:12:03]} 30. cxb3 {[%clk 0:25:41]} 30... Rb8 {[%clk 0:12:25]} 31. g3 {
[%clk 0:14:43]} 31... Bh6 {[%clk 0:12:42]} 32. Rc6 {[%clk 0:12:30]} 32... Rxb3
{[%clk 0:11:43]} 33. Rxc5 {[%clk 0:11:25]} 33... g6 {[%clk 0:11:39]} 34. Rc8+ {
[%clk 0:07:17]} 34... Kf7 {[%clk 0:11:41]} 35. Rc2 {[%clk 0:06:57]} 35... Kg8 {
[%clk 0:10:30]} 36. Nxd4 {[%clk 0:04:46]} 36... Rxd3 {[%clk 0:10:47]} 37. Ne2 {
[%clk 0:05:10]} 37... Rb3 {[%clk 0:10:19]} 38. Kf1 {[%clk 0:05:31]} 38... Bg7 {
[%clk 0:10:37]} 39. Nc3 {[%clk 0:05:58]} 39... Kf7 {[%clk 0:10:08]} 40. Ke2 {
[%clk 0:06:22]} 40... Ke6 {[%clk 0:10:15]} 41. Kd3 {[%clk 0:06:36]} 41... Bxc3
{[%clk 0:10:32]} 42. bxc3 {[%clk 0:07:01]} 42... Kd5 {[%clk 0:10:50]} 43. Ra2 {
[%clk 0:05:05]} 43... Kc5 {[%clk 0:10:06]} 44. Ra5+ {[%clk 0:05:01]} 44... Kb6
{[%clk 0:10:18]} 45. Kc2 {[%clk 0:03:33]} 45... Rxc3+ {[%clk 0:09:58]} 46. Kxc3
{[%clk 0:03:55]} 46... Kxa5 {[%clk 0:10:23]} 47. Kc4 {[%clk 0:03:07]} 1-0

[Event "DEM U14 2018"]
[Site "Willingen GER"]
[Date "2018.05.26"]
[Round "9"]
[White "Pahl, Erik"]
[Black "Pubantz, Jan"]
[Result "1-0"]
[Termination "normal"]
[Board "9"]
[WhiteElo "2053"]
[BlackElo "2107"]
[WhiteClock "00:07:05"]
[BlackClock "00:00:40"]
[PlyCount "53"]
[WhiteFideId "16201272"]
[BlackFideId "12996114"]
[EventCountry "GER"]
[EventRounds "9"]
[EventType "swiss"]
[EventDate "2018.05.19"]

1. e4 {[%clk 1:30:59]} 1... c5 {[%clk 1:30:56]} 2. Nf3 {[%clk 1:31:25]} 2... d6
{[%clk 1:31:23]} 3. d4 {[%clk 1:31:50]} 3... cxd4 {[%clk 1:31:51]} 4. Nxd4 {
[%clk 1:32:14]} 4... Nf6 {[%clk 1:32:16]} 5. Nc3 {[%clk 1:32:40]} 5... a6 {
[%clk 1:32:41]} 6. Bg5 {[%clk 1:33:04]} 6... e6 {[%clk 1:33:04]} 7. f4 { [%clk
1:33:29]} 7... h6 {[%clk 1:33:29]} 8. Bh4 {[%clk 1:33:55]} 8... Qb6 { [%clk
1:33:54]} 9. a3 {[%clk 1:34:20]} 9... Nbd7 {[%clk 1:33:56]} 10. Bf2 { [%clk
1:34:43]} 10... Qc7 {[%clk 1:34:01]} 11. Qf3 {[%clk 1:35:07]} 11... Be7 { [%clk
1:25:03]} 12. O-O-O {[%clk 1:35:05]} 12... Rb8 {[%clk 1:24:01]} 13. g4 { [%clk
1:33:19]} 13... g5 {[%clk 1:22:00]} 14. h4 {[%clk 1:28:24]} 14... gxf4 { [%clk
1:12:30]} 15. Be2 {[%clk 1:21:02]} 15... Ne5 {[%clk 0:45:42]} 16. Qxf4 { [%clk
1:19:17]} 16... Nc4 {[%clk 0:32:32]} 17. g5 {[%clk 0:37:45]} 17... e5 { [%clk
0:29:55]} 18. Qf3 {[%clk 0:36:42]} 18... Bg4 {[%clk 0:08:52]} 19. Qg2 { [%clk
0:29:33]} 19... exd4 {[%clk 0:05:21]} 20. Bxd4 {[%clk 0:29:23]} 20... Bxe2
{[%clk 0:05:43]} 21. gxf6 {[%clk 0:16:05]} 21... Bxd1 {[%clk 0:04:40]} 22. fxe7
{[%clk 0:14:13]} 22... Ne5 {[%clk 0:02:55]} 23. Bxe5 {[%clk 0:11:26]} 23... Bf3
{[%clk 0:01:01]} 24. Qxf3 {[%clk 0:09:07]} 24... dxe5 {[%clk 0:01:21] } 25. Qf6
{[%clk 0:08:25]} 25... Rg8 {[%clk 0:00:59]} 26. Nd5 {[%clk 0:07:05]} 26... Qc6
{[%clk 0:00:40]} 27. Qxe5 1-0

[Event "DEM U14 2018"]
[Site "Willingen GER"]
[Date "2018.05.26"]
[Round "9"]
[White "Kölle, Tobias"]
[Black "Wu, Luka"]
[Result "1-0"]
[Termination "normal"]
[Board "10"]
[WhiteElo "2226"]
[BlackElo "1953"]
[WhiteClock "00:38:51"]
[BlackClock "00:04:32"]
[PlyCount "75"]
[WhiteFideId "16207378"]
[BlackFideId "12977420"]
[EventCountry "GER"]
[EventRounds "9"]
[EventType "swiss"]
[EventDate "2018.05.19"]

1. d4 {[%clk 1:30:57]} 1... Nf6 {[%clk 1:30:54]} 2. c4 {[%clk 1:31:19]} 2... e6
{[%clk 1:31:20]} 3. Nf3 {[%clk 1:31:41]} 3... b6 {[%clk 1:31:35]} 4. g3 { [%clk
1:32:05]} 4... Ba6 {[%clk 1:31:58]} 5. b3 {[%clk 1:32:30]} 5... Bb4+ { [%clk
1:32:22]} 6. Bd2 {[%clk 1:32:57]} 6... Be7 {[%clk 1:32:48]} 7. Bg2 { [%clk
1:33:16]} 7... c6 {[%clk 1:27:00]} 8. O-O {[%clk 1:32:46]} 8... O-O { [%clk
1:26:53]} 9. Bc3 {[%clk 1:33:10]} 9... d5 {[%clk 1:26:37]} 10. Nbd2 { [%clk
1:33:32]} 10... Nbd7 {[%clk 1:25:35]} 11. Re1 {[%clk 1:33:42]} 11... Rc8 {[%clk
1:20:05]} 12. e4 {[%clk 1:33:21]} 12... dxe4 {[%clk 1:18:25]} 13. Nxe4 { [%clk
1:33:38]} 13... Nxe4 {[%clk 1:07:31]} 14. Rxe4 {[%clk 1:34:07]} 14... Bf6
{[%clk 1:07:19]} 15. Qc2 {[%clk 1:29:21]} 15... Qc7 {[%clk 1:02:46]} 16. Ne5 {
[%clk 1:27:28]} 16... Rfd8 {[%clk 1:00:08]} 17. Rae1 {[%clk 1:18:57]} 17... Nf8
{[%clk 0:49:08]} 18. h4 {[%clk 1:12:57]} 18... c5 {[%clk 0:36:40]} 19. dxc5 {
[%clk 1:07:49]} 19... Qxc5 {[%clk 0:36:58]} 20. Nd3 {[%clk 1:05:18]} 20... Qe7
{[%clk 0:29:56]} 21. Bxf6 {[%clk 1:01:46]} 21... Qxf6 {[%clk 0:30:24]} 22. Ne5
{[%clk 1:01:41]} 22... Ng6 {[%clk 0:28:08]} 23. Ng4 {[%clk 0:56:21]} 23... Qf5
{[%clk 0:25:54]} 24. Bh3 {[%clk 0:56:08]} 24... Qc5 {[%clk 0:25:02]} 25. R4e3 {
[%clk 0:46:09]} 25... Bb7 {[%clk 0:22:20]} 26. Kh2 {[%clk 0:45:00]} 26... Qc6 {
[%clk 0:17:54]} 27. h5 {[%clk 0:44:40]} 27... Ne7 {[%clk 0:15:19]} 28. Ne5 {
[%clk 0:41:58]} 28... Qc5 {[%clk 0:12:59]} 29. Nxf7 {[%clk 0:39:31]} 29... Rf8
{[%clk 0:08:11]} 30. Re5 {[%clk 0:37:09]} 30... Nd5 {[%clk 0:05:18]} 31. Bxe6 {
[%clk 0:36:37]} 31... Rxf7 {[%clk 0:02:21]} 32. Bxf7+ {[%clk 0:36:53]} 32...
Kxf7 {[%clk 0:02:46]} 33. Qf5+ {[%clk 0:37:17]} 33... Nf6 {[%clk 0:03:05]} 34.
Rxc5 {[%clk 0:37:32]} 34... Rxc5 {[%clk 0:03:32]} 35. Qe6+ {[%clk 0:37:52]}
35... Kf8 {[%clk 0:03:48]} 36. Qe7+ {[%clk 0:38:08]} 36... Kg8 {[%clk 0:04:08]}
37. Qd8+ {[%clk 0:38:30]} 37... Kf7 {[%clk 0:04:32]} 38. Re7# {[%clk 0:38:51]}
1-0

[Event "DEM U14 2018"]
[Site "Willingen GER"]
[Date "2018.05.26"]
[Round "9"]
[White "Popist, Florian"]
[Black "Weihrauch, Jakob"]
[Result "1-0"]
[Termination "normal"]
[Board "11"]
[WhiteElo "1850"]
[BlackElo "2136"]
[WhiteClock "00:12:52"]
[BlackClock "00:27:27"]
[PlyCount "67"]
[WhiteFideId "16203518"]
[BlackFideId "16210115"]
[EventCountry "GER"]
[EventRounds "9"]
[EventType "swiss"]
[EventDate "2018.05.19"]

1. e4 {[%clk 1:30:57]} 1... e5 {[%clk 1:30:41]} 2. Nf3 {[%clk 1:31:17]} 2...
Nc6 {[%clk 1:31:07]} 3. d4 {[%clk 1:31:38]} 3... exd4 {[%clk 1:31:31]} 4. Nxd4
{[%clk 1:32:02]} 4... Nf6 {[%clk 1:31:47]} 5. Nxc6 {[%clk 1:32:24]} 5... bxc6 {
[%clk 1:32:09]} 6. e5 {[%clk 1:32:48]} 6... Qe7 {[%clk 1:32:33]} 7. Qe2 { [%clk
1:33:13]} 7... Nd5 {[%clk 1:32:58]} 8. c4 {[%clk 1:33:38]} 8... Nb6 { [%clk
1:33:14]} 9. Nc3 {[%clk 1:34:01]} 9... Ba6 {[%clk 1:33:28]} 10. Qe4 { [%clk
1:34:14]} 10... Qe6 {[%clk 1:33:28]} 11. f4 {[%clk 1:34:02]} 11... Bb4 { [%clk
1:33:28]} 12. f5 {[%clk 1:27:42]} 12... Bxc3+ {[%clk 1:33:33]} 13. bxc3 { [%clk
1:27:41]} 13... Qe7 {[%clk 1:33:49]} 14. Bd3 {[%clk 1:22:08]} 14... Qc5 { [%clk
1:05:50]} 15. Be3 {[%clk 1:17:14]} 15... Qa3 {[%clk 1:05:46]} 16. O-O { [%clk
1:14:52]} 16... O-O-O {[%clk 1:03:26]} 17. Rab1 {[%clk 1:13:12]} 17... d5
{[%clk 0:57:27]} 18. Qg4 {[%clk 1:10:06]} 18... Qxc3 {[%clk 0:52:12]} 19. f6+ {
[%clk 0:58:15]} 19... Kb7 {[%clk 0:51:38]} 20. fxg7 {[%clk 0:56:22]} 20... Rhg8
{[%clk 0:50:07]} 21. Rb3 {[%clk 0:50:31]} 21... Qxe5 {[%clk 0:49:39]} 22. Bd4 {
[%clk 0:49:33]} 22... Qe7 {[%clk 0:40:03]} 23. Bxh7 {[%clk 0:35:55]} 23... dxc4
{[%clk 0:37:38]} 24. Re3 {[%clk 0:34:10]} 24... Qd6 {[%clk 0:36:27]} 25. Bxg8 {
[%clk 0:33:44]} 25... Rxg8 {[%clk 0:36:51]} 26. Rb1 {[%clk 0:22:46]} 26... Bb5
{[%clk 0:35:41]} 27. Qe4 {[%clk 0:20:31]} 27... Ka6 {[%clk 0:31:44]} 28. Rf3 {
[%clk 0:14:52]} 28... Nd5 {[%clk 0:28:42]} 29. a4 {[%clk 0:13:16]} 29... Bxa4 {
[%clk 0:29:01]} 30. Ra1 {[%clk 0:13:32]} 30... Kb5 {[%clk 0:28:00]} 31. Rfa3 {
[%clk 0:13:22]} 31... c5 {[%clk 0:27:01]} 32. Rxa4 {[%clk 0:13:05]} 32... cxd4
{[%clk 0:27:28]} 33. Ra5+ {[%clk 0:13:06]} 33... Kb4 {[%clk 0:27:27]} 34. Qb1+
{[%clk 0:12:52]} 1-0

[Event "DEM U14 2018"]
[Site "Willingen GER"]
[Date "2018.05.26"]
[Round "9"]
[White "Haufe, Laurin"]
[Black "Wu, Leon"]
[Result "0-1"]
[Termination "normal"]
[Board "12"]
[WhiteElo "1814"]
[BlackElo "2022"]
[WhiteClock "00:30:30"]
[BlackClock "00:29:08"]
[PlyCount "69"]
[WhiteFideId "12976504"]
[BlackFideId "12977438"]
[EventCountry "GER"]
[EventRounds "9"]
[EventType "swiss"]
[EventDate "2018.05.19"]

1. e4 {[%clk 1:29:46]} 1... c5 {[%clk 1:30:43]} 2. Nf3 {[%clk 1:29:29]} 2... d6
{[%clk 1:31:08]} 3. d4 {[%clk 1:29:47]} 3... cxd4 {[%clk 1:31:33]} 4. Nxd4 {
[%clk 1:30:09]} 4... Nf6 {[%clk 1:31:59]} 5. Nc3 {[%clk 1:30:19]} 5... a6 {
[%clk 1:32:23]} 6. Bg5 {[%clk 1:30:33]} 6... Nbd7 {[%clk 1:32:39]} 7. f4 {
[%clk 1:30:25]} 7... Qc7 {[%clk 1:32:24]} 8. Qf3 {[%clk 1:30:23]} 8... b5 {
[%clk 1:32:25]} 9. Bd3 {[%clk 1:28:12]} 9... Bb7 {[%clk 1:32:33]} 10. O-O-O {
[%clk 1:26:29]} 10... Rc8 {[%clk 1:32:57]} 11. Rhe1 {[%clk 1:25:42]} 11... Qb6
{[%clk 1:32:58]} 12. Nde2 {[%clk 1:16:06]} 12... b4 {[%clk 1:31:22]} 13. Nd5 {
[%clk 1:15:23]} 13... Nxd5 {[%clk 1:31:17]} 14. exd5 {[%clk 1:15:38]} 14... Qa5
{[%clk 1:31:37]} 15. Nd4 {[%clk 1:05:10]} 15... Bxd5 {[%clk 1:24:44]} 16. Be4 {
[%clk 1:05:21]} 16... Bxe4 {[%clk 1:17:10]} 17. Qxe4 {[%clk 1:05:05]} 17... Nc5
{[%clk 1:11:57]} 18. Qf5 {[%clk 0:59:51]} 18... Rc7 {[%clk 1:10:46]} 19. Kb1 {
[%clk 0:55:21]} 19... Qb6 {[%clk 1:00:27]} 20. Re2 {[%clk 0:43:51]} 20... e6 {
[%clk 0:57:47]} 21. Qg4 {[%clk 0:40:49]} 21... h5 {[%clk 0:49:51]} 22. Qg3 {
[%clk 0:35:07]} 22... Kd7 {[%clk 0:48:03]} 23. Nf3 {[%clk 0:23:37]} 23... Kc8 {
[%clk 0:47:14]} 24. f5 {[%clk 0:16:58]} 24... g6 {[%clk 0:43:34]} 25. fxg6 {
[%clk 0:11:43]} 25... fxg6 {[%clk 0:43:45]} 26. Bf6 {[%clk 0:11:20]} 26... Rg8
{[%clk 0:43:24]} 27. Nh4 {[%clk 0:10:06]} 27... g5 {[%clk 0:41:46]} 28. Bxg5 {
[%clk 0:08:17]} 28... Qb5 {[%clk 0:41:38]} 29. Qf3 {[%clk 0:06:39]} 29... Kb8 {
[%clk 0:36:36]} 30. Rde1 {[%clk 0:05:18]} 30... Bg7 {[%clk 0:34:51]} 31. Ka1 {
[%clk 0:03:52]} 31... Bxb2+ {[%clk 0:33:27]} 32. Kxb2 {[%clk 0:04:12]} 32...
Na4+ {[%clk 0:33:48]} 33. Ka1 {[%clk 0:03:42]} 33... Qxg5 {[%clk 0:33:53]} 34.
Rxe6 {[%clk 0:00:35]} 34... Rxc2 {[%clk 0:29:08]} 35. Re8+ {[%clk 0:30:30]} 0-1

[Event "DEM U14 2018"]
[Site "Willingen GER"]
[Date "2018.05.26"]
[Round "9"]
[White "Musiolik, David"]
[Black "Astner, Sebastian"]
[Result "1-0"]
[Termination "normal"]
[Board "13"]
[WhiteElo "2089"]
[BlackElo "1860"]
[WhiteClock "00:31:24"]
[BlackClock "01:06:05"]
[PlyCount "35"]
[WhiteFideId "12972355"]
[BlackFideId "12979422"]
[EventCountry "GER"]
[EventRounds "9"]
[EventType "swiss"]
[EventDate "2018.05.19"]

1. e4 {[%clk 1:30:53]} 1... c6 {[%clk 1:30:52]} 2. d4 {[%clk 1:31:08]} 2... d5
{[%clk 1:31:17]} 3. Nc3 {[%clk 1:31:34]} 3... dxe4 {[%clk 1:31:42]} 4. Nxe4 {
[%clk 1:31:58]} 4... Qd5 {[%clk 1:32:04]} 5. Nc3 {[%clk 1:26:59]} 5... Qd6 {
[%clk 1:32:25]} 6. Bc4 {[%clk 1:24:52]} 6... Nf6 {[%clk 1:31:43]} 7. Nge2 {
[%clk 1:21:35]} 7... Bg4 {[%clk 1:29:27]} 8. Bf4 {[%clk 1:12:57]} 8... Bxe2 {
[%clk 1:28:34]} 9. Qd2 {[%clk 1:10:25]} 9... Bxc4 {[%clk 1:21:04]} 10. Bxd6 {
[%clk 1:10:48]} 10... exd6 {[%clk 1:21:33]} 11. O-O-O {[%clk 1:09:54]} 11...
Nbd7 {[%clk 1:20:59]} 12. Rde1+ {[%clk 1:04:30]} 12... Kd8 {[%clk 1:20:05]} 13.
f3 {[%clk 1:02:51]} 13... Kc7 {[%clk 1:18:48]} 14. Ne4 {[%clk 1:00:20]} 14...
g6 {[%clk 1:13:12]} 15. b3 {[%clk 0:49:11]} 15... Be6 {[%clk 1:12:06]} 16. c4 {
[%clk 0:33:30]} 16... c5 {[%clk 1:06:28]} 17. Nxf6 {[%clk 0:31:24]} 17... Nxf6
{[%clk 1:06:05]} 18. dxc5 1-0

[Event "DEM U14 2018"]
[Site "Willingen GER"]
[Date "2018.05.26"]
[Round "9"]
[White "Post, Hugo"]
[Black "Pahl, Theis"]
[Result "1/2-1/2"]
[Termination "normal"]
[Board "14"]
[WhiteElo "1983"]
[BlackElo "1987"]
[WhiteClock "00:14:13"]
[BlackClock "00:33:10"]
[PlyCount "87"]
[WhiteFideId "12962490"]
[BlackFideId "16201264"]
[EventCountry "GER"]
[EventRounds "9"]
[EventType "swiss"]
[EventDate "2018.05.19"]

1. e4 {[%clk 1:30:52]} 1... c5 {[%clk 1:30:56]} 2. Nf3 {[%clk 1:31:17]} 2... d6
{[%clk 1:31:23]} 3. d4 {[%clk 1:31:37]} 3... cxd4 {[%clk 1:31:48]} 4. Nxd4 {
[%clk 1:32:00]} 4... Nf6 {[%clk 1:32:10]} 5. Nc3 {[%clk 1:32:21]} 5... a6 {
[%clk 1:32:29]} 6. Be3 {[%clk 1:32:30]} 6... Ng4 {[%clk 1:32:53]} 7. Bg5 {
[%clk 1:32:50]} 7... h6 {[%clk 1:33:14]} 8. Bh4 {[%clk 1:33:11]} 8... g5 {
[%clk 1:33:36]} 9. Bg3 {[%clk 1:33:34]} 9... Bg7 {[%clk 1:33:55]} 10. h3 {
[%clk 1:33:56]} 10... Ne5 {[%clk 1:34:11]} 11. f3 {[%clk 1:34:15]} 11... Nbc6 {
[%clk 1:34:26]} 12. Bf2 {[%clk 1:34:11]} 12... Bd7 {[%clk 1:34:40]} 13. Qd2 {
[%clk 1:31:20]} 13... Rc8 {[%clk 1:26:37]} 14. Nd5 {[%clk 1:21:26]} 14... Nxd4
{[%clk 1:15:22]} 15. Bxd4 {[%clk 1:21:47]} 15... Rc6 {[%clk 1:15:37]} 16. b4 {
[%clk 1:04:40]} 16... e6 {[%clk 0:59:01]} 17. Ne3 {[%clk 1:00:44]} 17... Qc8 {
[%clk 0:46:36]} 18. a4 {[%clk 0:51:00]} 18... O-O {[%clk 0:42:22]} 19. Ra3 {
[%clk 0:41:54]} 19... d5 {[%clk 0:30:23]} 20. exd5 {[%clk 0:28:27]} 20... exd5
{[%clk 0:30:42]} 21. Be2 {[%clk 0:28:22]} 21... Re8 {[%clk 0:26:11]} 22. O-O {
[%clk 0:27:56]} 22... Nc4 {[%clk 0:23:14]} 23. Bxc4 {[%clk 0:27:48]} 23... dxc4
{[%clk 0:23:10]} 24. Bxg7 {[%clk 0:27:06]} 24... Kxg7 {[%clk 0:23:13]} 25. Qd4+
{[%clk 0:25:24]} 25... Kg8 {[%clk 0:22:46]} 26. f4 {[%clk 0:22:24]} 26... Qd8 {
[%clk 0:15:34]} 27. fxg5 {[%clk 0:17:04]} 27... hxg5 {[%clk 0:15:05]} 28. Nd5 {
[%clk 0:15:52]} 28... f5 {[%clk 0:09:40]} 29. Ne3 {[%clk 0:11:51]} 29... f4 {
[%clk 0:09:44]} 30. Nxc4 {[%clk 0:10:07]} 30... Be6 {[%clk 0:09:15]} 31. Qxd8 {
[%clk 0:09:38]} 31... Rxd8 {[%clk 0:09:37]} 32. Ne5 {[%clk 0:10:04]} 32... Rxc2
{[%clk 0:09:25]} 33. Nf3 {[%clk 0:09:04]} 33... g4 {[%clk 0:08:53]} 34. hxg4 {
[%clk 0:08:23]} 34... Bxg4 {[%clk 0:08:52]} 35. Ne1 {[%clk 0:07:53]} 35... Rc4
{[%clk 0:08:52]} 36. b5 {[%clk 0:05:25]} 36... a5 {[%clk 0:07:47]} 37. g3 {
[%clk 0:03:31]} 37... Rdd4 {[%clk 0:06:03]} 38. gxf4 {[%clk 0:01:07]} 38...
Rxf4 {[%clk 0:06:09]} 39. Rxf4 {[%clk 0:01:35]} 39... Rxf4 {[%clk 0:06:29]} 40.
Nd3 {[%clk 0:00:33]} 40... Rd4 {[%clk 0:06:06]} 41. Kf2 {[%clk 0:24:50]} 41...
Bd1 {[%clk 0:34:30]} 42. Ke3 {[%clk 0:25:03]} 42... Rh4 {[%clk 0:34:37]} 43.
Nf4 {[%clk 0:15:20]} 43... Rg4 {[%clk 0:33:10]} 44. Ra1 {[%clk 0:14:13]}
1/2-1/2

[Event "DEM U14 2018"]
[Site "Willingen GER"]
[Date "2018.05.26"]
[Round "9"]
[White "Hoffmann, Simon"]
[Black "Kotyk, Michael"]
[Result "0-1"]
[Termination "normal"]
[Board "15"]
[WhiteElo "1760"]
[BlackElo "2064"]
[WhiteClock "00:24:27"]
[BlackClock "00:37:06"]
[PlyCount "141"]
[WhiteFideId "12979686"]
[BlackFideId "16214501"]
[EventCountry "GER"]
[EventRounds "9"]
[EventType "swiss"]
[EventDate "2018.05.19"]

1. e4 {[%clk 1:30:58]} 1... e5 {[%clk 1:30:57]} 2. Nf3 {[%clk 1:31:20]} 2...
Nc6 {[%clk 1:31:21]} 3. Bb5 {[%clk 1:31:45]} 3... a6 {[%clk 1:31:43]} 4. Ba4 {
[%clk 1:32:10]} 4... Nf6 {[%clk 1:32:08]} 5. d4 {[%clk 1:31:43]} 5... Nxe4 {
[%clk 1:30:35]} 6. Qe2 {[%clk 1:30:35]} 6... Nd6 {[%clk 1:16:34]} 7. dxe5 {
[%clk 1:16:10]} 7... Nf5 {[%clk 1:16:50]} 8. Qe4 {[%clk 1:15:19]} 8... Nfe7 {
[%clk 1:11:21]} 9. Bg5 {[%clk 0:46:14]} 9... d5 {[%clk 1:10:03]} 10. exd6 {
[%clk 0:45:40]} 10... Qxd6 {[%clk 1:10:28]} 11. O-O {[%clk 0:30:21]} 11... Bf5
{[%clk 1:10:00]} 12. Bxe7 {[%clk 0:29:31]} 12... Qd7 {[%clk 1:07:17]} 13. Ne5 {
[%clk 0:22:02]} 13... Bxe4 {[%clk 1:04:02]} 14. Nxd7 {[%clk 0:22:19]} 14...
Bxe7 {[%clk 1:03:06]} 15. Ne5 {[%clk 0:18:01]} 15... b5 {[%clk 0:55:25]} 16.
Re1 {[%clk 0:16:11]} 16... Nxe5 {[%clk 0:53:33]} 17. Rxe4 {[%clk 0:15:33]}
17... O-O-O {[%clk 0:50:50]} 18. Nc3 {[%clk 0:14:48]} 18... Bf6 {[%clk 0:44:23]
} 19. Bb3 {[%clk 0:13:54]} 19... c5 {[%clk 0:41:04]} 20. a4 {[%clk 0:11:26]}
20... c4 {[%clk 0:38:16]} 21. Ba2 {[%clk 0:10:57]} 21... b4 {[%clk 0:24:56]}
22. Nd1 {[%clk 0:08:52]} 22... b3 {[%clk 0:22:26]} 23. cxb3 {[%clk 0:07:01]}
23... Rd2 {[%clk 0:22:29]} 24. Rc1 {[%clk 0:05:51]} 24... Rhd8 {[%clk 0:22:17]}
25. Ne3 {[%clk 0:04:51]} 25... Rxb2 {[%clk 0:15:31]} 26. Nxc4 {[%clk 0:04:03]}
26... Nxc4 {[%clk 0:15:02]} 27. Rexc4+ {[%clk 0:04:19]} 27... Kb8 { [%clk
0:15:28]} 28. Rb4+ {[%clk 0:04:05]} 28... Ka7 {[%clk 0:14:02]} 29. Bb1 { [%clk
0:04:22]} 29... Bc3 {[%clk 0:14:12]} 30. Rc4 {[%clk 0:02:58]} 30... Bd2 { [%clk
0:08:11]} 31. Rf1 {[%clk 0:03:06]} 31... Rxb3 {[%clk 0:08:01]} 32. Bxh7 { [%clk
0:03:16]} 32... g6 {[%clk 0:06:15]} 33. Rc7+ {[%clk 0:03:31]} 33... Rb7 { [%clk
0:06:38]} 34. Rxb7+ {[%clk 0:03:31]} 34... Kxb7 {[%clk 0:07:07]} 35. Rd1 {[%clk
0:03:44]} 35... Kb6 {[%clk 0:07:20]} 36. h4 {[%clk 0:03:35]} 36... Ka5 { [%clk
0:07:18]} 37. Kf1 {[%clk 0:02:26]} 37... Kb4 {[%clk 0:06:24]} 38. Ke2 { [%clk
0:01:56]} 38... Kc3 {[%clk 0:06:47]} 39. g3 {[%clk 0:01:54]} 39... Kc2 { [%clk
0:07:00]} 40. Rh1 {[%clk 0:01:57]} 40... Rh8 {[%clk 0:07:19]} 41. Ra1 { [%clk
0:00:40]} 41... Re8+ {[%clk 0:05:32]} 42. Kf3 {[%clk 0:30:18]} 42... Rh8 {[%clk
0:35:54]} 43. Ke2 {[%clk 0:29:40]} 43... Bc3 {[%clk 0:36:18]} 44. Bxg6+ {[%clk
0:29:55]} 44... fxg6 {[%clk 0:36:41]} 45. Rh1 {[%clk 0:30:18]} 45... a5 {[%clk
0:35:47]} 46. f4 {[%clk 0:29:28]} 46... Kb3 {[%clk 0:35:01]} 47. Rb1+ { [%clk
0:28:15]} 47... Kxa4 {[%clk 0:33:18]} 48. Rb6 {[%clk 0:28:39]} 48... Bb4 {[%clk
0:32:51]} 49. Rxg6 {[%clk 0:28:41]} 49... Kb3 {[%clk 0:33:16]} 50. Ra6 { [%clk
0:28:36]} 50... a4 {[%clk 0:33:32]} 51. f5 {[%clk 0:27:40]} 51... a3 { [%clk
0:33:48]} 52. Kf3 {[%clk 0:27:51]} 52... a2 {[%clk 0:33:40]} 53. g4 { [%clk
0:25:30]} 53... Ba3 {[%clk 0:34:07]} 54. Rb6+ {[%clk 0:24:30]} 54... Kc4 {[%clk
0:34:30]} 55. h5 {[%clk 0:24:15]} 55... a1=Q {[%clk 0:34:55]} 56. Re6 { [%clk
0:24:14]} 56... Qf1+ {[%clk 0:35:15]} 57. Kg3 {[%clk 0:24:12]} 57... Bc1 {[%clk
0:35:36]} 58. Re4+ {[%clk 0:24:02]} 58... Kd5 {[%clk 0:35:37]} 59. Ra4 { [%clk
0:24:14]} 59... Qg1+ {[%clk 0:35:26]} 60. Kh3 {[%clk 0:24:35]} 60... Qe3+
{[%clk 0:35:23]} 61. Kg2 {[%clk 0:24:54]} 61... Qd2+ {[%clk 0:35:12]} 62. Kg3 {
[%clk 0:25:04]} 62... Qc3+ {[%clk 0:35:15]} 63. Kh4 {[%clk 0:25:16]} 63... Qf6+
{[%clk 0:35:13]} 64. Kh3 {[%clk 0:25:23]} 64... Bd2 {[%clk 0:35:25]} 65. Ra2 {
[%clk 0:25:19]} 65... Rxh5+ {[%clk 0:35:28]} 66. gxh5 {[%clk 0:25:37]} 66...
Qxf5+ {[%clk 0:35:54]} 67. Kg2 {[%clk 0:25:58]} 67... Qe4+ {[%clk 0:36:10]} 68.
Kh3 {[%clk 0:25:24]} 68... Qf3+ {[%clk 0:36:27]} 69. Kh4 {[%clk 0:24:33]} 69...
Qh1+ {[%clk 0:36:43]} 70. Kg4 {[%clk 0:24:36]} 70... Qg2+ {[%clk 0:37:06]} 71.
Kf5 {[%clk 0:24:27]} 0-1